000 00805cam a22002653a 4500
001 27270
003 PGUSA
005 20140828083605.0
008 081115s2008||||xxu|||||s|||||000 | eng d
040 _aPGUSA
_beng
042 _adc
050 4 _aBV
100 1 _aJones, John P.
_q(John Peter),
_d1847-1916
245 1 0 _aIndia's Problem, Krishna or Christ
_h[electronic resource] /
_cJohn P. Jones
260 _bProject Gutenberg,
_c2008
506 _aPublic domain in the USA.
516 _aElectronic text
653 _aIndia -- Social life and customs
653 _aMissions to Hindus -- India
653 _aMissions -- India
653 _aChristianity and other religions -- Hinduism
830 0 _aProject Gutenberg
_v27270
856 4 0 _uhttp://www.gutenberg.org/ebooks/27270
942 _cEB
999 _c256525
_d256525